000 00218 a2200109 4500
020 _a9788420636283
041 _aspa
100 _ade Saint-Exupery, Antoine
245 _aEl principito
942 _cBK
999 _c29814
_d29812
999 _d29812